[Event "Real Madrid x Corinthians"]
[Site "http://www.queenalice.com/game.php?id=849745"]
[Date "2010.10.24"]
[Round "-"]
[White "oldbubba"]
[Black "McKubik"]
[Result "1-0"]
[WhiteElo "1106"]
[BlackElo "1431"]

1. e4 e5 2. Nf3 Nc6 3. Bc4 Na5 4. Be2 Nf6 5. Nxe5 Nxe4 6. b4 Bxb4 7. a3 Bd6 8.
Nf3 f5 9. d3 Nf6 10. O-O Qe7 11. Re1 Nd5 12. Bf1 O-O 13. Rxe7 Bxe7 14. c4 Nf6
15. Qe2 Bc5 16. Qe5 Nb3 17. Ra2 Nxc1 18. Rc2 Nb3 19. d4 Bb6 20. Qxf5 d6 21. Qd3
Na5 22. c5 dxc5 23. dxc5 Bxc5 24. Rxc5 Nc6 25. Nc3 b6 26. Rxc6 Ng4 27. Rxc7 Nf6
28. Qc4+ Kh8 29. Qb4 Rd8 30. Qe7 Bf5 31. Qxg7# 1-0

[Event "Fluminense"]
[Site "http://www.queenalice.com/game.php?id=856603"]
[Date "2010.11.16"]
[Round "-"]
[White "oldbubba"]
[Black "McKubik"]
[Result "1-0"]
[WhiteElo "1306"]
[BlackElo "1394"]

1. e4 e5 2. Nf3 Nc6 3. Bc4 Qe7 4. d3 Qb4+ 5. c3 Qc5 6. b4 Qb6 7. a4 Nce7 8. Be3
Qg6 9. O-O d6 10. Nbd2 Be6 11. Nh4 Qf6 12. Ndf3 Ng6 13. Bg5 Qxg5 14. Nxg5 O-O-O
15. Bxe6+ fxe6 16. Nxg6 hxg6 17. Nf7 Rh5 18. Nxd8 Kxd8 19. Qf3 Nf6 20. Qe3 Ng4
21. Qg3 Nf6 22. Qe3 d5 23. Qxa7 Ng4 24. Qa8+ Ke7 25. h3 Nf6 26. Qxb7 Ne8 27.
exd5 exd5 28. f4 exf4 29. Rae1+ Kf6 30. Qc6+ Kf7 31. Qxe8+ Kg8 32. Qxg6 Rh6 33.
Qe8 Rf6 34. Re6 Rf5 35. Rg6 d4 36. cxd4 Kh7 37. Ra6 f3 38. Rxf3 Rg5 39. Rxf8 Rd5
40. Rh8# 1-0

[Event "Tokio"]
[Site "http://www.queenalice.com/game.php?id=856778"]
[Date "2010.11.9"]
[Round "-"]
[White "gerritgenial"]
[Black "oldbubba"]
[Result "0-1"]
[WhiteElo "1077"]
[BlackElo "1380"]

1. e3 e5 2. d4 exd4 3. exd4 Nf6 4. c3 d5 5. Nf3 Bd6 6. Bd3 O-O 7. O-O Bg4 8. Be2
Re8 9. Re1 Nc6 10. Na3 Re4 11. Bd2 Na5 12. Ng5 Bxe2 13. Qxe2 Rxe2 14. Rxe2 c6
15. Nf3 Qb6 16. Rf1 Qxb2 17. Bc1 Qxc3 18. Nc2 Qc4 19. Rd2 Bf4 20. Rdd1 Bxc1 21.
Rxc1 Qa6 22. Rb1 Re8 0-1

[Event "Let's Play Chess!"]
[Site "http://www.queenalice.com/game.php?id=857322"]
[Date "2010.11.11"]
[Round "-"]
[White "magalhaes_br"]
[Black "oldbubba"]
[Result "0-1"]
[WhiteElo "1364"]
[BlackElo "1335"]

1. e4 e5 2. Nf3 Nc6 3. Nc3 Bc5 4. Ne2 Nf6 5. d3 d6 6. Ng3 O-O 7. Be2 Be6 8. O-O
a6 9. c4 b5 10. b3 bxc4 11. dxc4 Rb8 12. Ng5 h6 13. Nf3 Nb4 14. a3 Nc6 15. Rb1
Nd4 16. Bd3 Bg4 17. Rb2 Bxa3 18. h3 Bxb2 19. Bxb2 Rxb3 20. Bc1 Qb8 21. hxg4 Nxg4
22. Bc2 Nxc2 23. Qxc2 a5 24. Nh2 Nxh2 25. Kxh2 a4 26. Rd1 g5 27. Nf5 d5 28. Rxd5
a3 29. Ra5 Rd8 30. Nxh6+ Kg7 31. Nf5+ Kf6 32. Rb5 Rh8+ 33. Kg1 Rxb5 34. Bxa3
Rb1+ 35. Bc1 Qb4 36. Ne3 Qe1+ 37. Nf1 Rxc1 38. Qd3 Rd1 39. Qf3+ Ke6 40. Qxd1
Qxd1 41. g3 Qf3 42. Nh2 Qxe4 43. f3 Qh7 44. Kf2 Qxh2+ 45. Ke3 Qxg3 46. c5 Qf4+
47. Kf2 Rh2+ 48. Kg1 Qg3+ 49. Kf1 Qf2# 0-1

[Event "Let's Play Chess!"]
[Site "http://www.queenalice.com/game.php?id=865183"]
[Date "2010.11.29"]
[Round "-"]
[White "attelmalagate"]
[Black "oldbubba"]
[Result "0-1"]
[WhiteElo "1542"]
[BlackElo "1390"]

1. d4 d5 2. Nc3 Nf6 3. Nf3 b6 4. e3 e6 5. Ne5 Bb7 6. Bb5+ c6 7. Ba4 b5 8. Bb3
Bb4 9. O-O O-O 10. a3 Ba5 11. a4 Na6 12. Ne2 Qd6 13. c3 b4 14. Bd2 bxc3 15. Nxc3
c5 16. Nb5 Qb6 17. Qe2 c4 18. Bc2 Rac8 19. e4 dxe4 20. Qe3 Nd5 21. Qg3 Bxd2 22.
Nd7 Qc6 23. Nxf8 Kxf8 24. Bxe4 Bf4 25. Qh4 Bh6 26. Qg3 Qd7 27. Nd6 Nf4 28. Nxc8
Ne2+ 29. Kh1 Nxg3+ 30. fxg3 Bxc8 31. Rac1 f5 32. Bxf5 exf5 33. Rxc4 Be3 34. h3
Bb7 35. Re1 Qd5 36. Rc3 Qxg2# 0-1

[Event "Let's Play Chess!"]
[Site "http://www.queenalice.com/game.php?id=865797"]
[Date "2010.11.30"]
[Round "-"]
[White "Clemente"]
[Black "oldbubba"]
[Result "0-1"]
[WhiteElo "1368"]
[BlackElo "1358"]

1. c4 c5 2. Nc3 e6 3. d4 cxd4 4. Qxd4 Nc6 5. Qf4 e5 6. Qf3 d6 7. e4 Nf6 8. Be3
Bg4 9. Qg3 Be7 10. Nge2 O-O 11. h3 Bd7 12. f4 Nh5 13. Qf2 Bh4 14. g3 Bf6 15.
fxe5 Nxe5 16. Nd4 Rc8 17. g4 Bh4 18. Bg5 Bxf2+ 19. Kxf2 Nf6 20. Nd5 Nxe4+ 21.
Kg2 Qxg5 22. Be2 Qd2 23. Ne7+ Kh8 24. Rae1 Qxd4 25. Nf5 Qf2# 0-1

[Event "Let's Play Chess!"]
[Site "http://www.queenalice.com/game.php?id=871372"]
[Date "2010.12.13"]
[Round "-"]
[White "oldbubba"]
[Black "sylviodh"]
[Result "1-0"]
[WhiteElo "1385"]
[BlackElo "1096"]

1. e4 e5 2. Nf3 Nc6 3. Bc4 d6 4. c3 a6 5. d4 exd4 6. cxd4 b5 7. Bd5 Nge7 8. Bg5
f6 9. Bxc6+ Nxc6 10. Bh4 g5 11. Bg3 Nb4 12. a3 Nc6 13. b4 Ne7 14. Nc3 a5 15.
Nxb5 Ba6 16. Nc3 Bc8 17. O-O c6 18. Qa4 Bd7 19. Bxd6 c5 20. Qc2 axb4 21. Nd5
Nxd5 22. Bxf8 Rxf8 23. exd5 bxa3 24. Rfe1+ Kf7 25. Qxh7# 1-0

[Event "Let's Play Chess!"]
[Site "http://www.queenalice.com/game.php?id=874054"]
[Date "2010.12.20"]
[Round "-"]
[White "magalhaes_br"]
[Black "oldbubba"]
[Result "0-1"]
[WhiteElo "1338"]
[BlackElo "1393"]

1. e4 e5 2. Nf3 Nc6 3. Nc3 Bc5 4. d3 Nf6 5. Ne2 d6 6. Ng3 O-O 7. Be2 a6 8. O-O
b5 9. c3 Be6 10. Qd2 d5 11. a3 dxe4 12. Ng5 e3 13. fxe3 Bb3 14. Bd1 Bd5 15. Bf3
e4 16. N3xe4 Ba7 17. d4 Bc4 18. Rf2 Ng4 19. Bxg4 Bb6 20. Qc2 f6 21. Ne6 Bxe6 22.
Bxe6+ Kh8 23. Ng3 Qe7 24. Bb3 Rad8 25. Bd2 Rde8 26. Re1 f5 27. Nxf5 Qd7 28. Qd3
Ne5 29. Qb1 Rxf5 30. Rxf5 Ng6 31. Qd1 Qxf5 32. Rf1 Qe4 33. Bc2 Qd5 34. Rf5 Qd7
35. Qg4 c6 36. Bb3 Bd8 37. e4 Bf6 38. a4 bxa4 39. Bxa4 Rb8 40. d5 Rxb2 41. Be3
Rb1+ 42. Kf2 Ne5 43. Qh5 Nd3+ 44. Ke2 Ne5 45. Bc2 Rb2 46. Kd1 cxd5 47. g4 dxe4+
48. Kc1 Ra2 49. Bg5 Nc4 50. Qh3 Ra1+ 51. Bb1 Nd2 52. Kb2 Rxb1+ 53. Kc2 Qa4+ 54.
Kxd2 Qa2+ 55. Ke3 Re1+ 56. Kf4 Qd2+ 57. Kg3 Re3+ 58. Bxe3 Qxe3+ 59. Kg2 Qe2+ 60.
Kh1 e3 61. Ra5 Qe1+ 62. Kg2 Qf2+ 63. Kh1 Qe1+ 64. Kg2 Qf2+ 65. Kh1 h6 66. Ra1
Bxc3 67. Rxa6 Bd4 68. Rd6 Qe1+ 69. Kg2 Qf2+ 70. Kh1 e2 71. Re6 Qg1# 0-1

[Event "Let's Play Chess!"]
[Site "http://www.queenalice.com/game.php?id=886038"]
[Date "2011.1.14"]
[Round "-"]
[White "Vonrunstedt"]
[Black "oldbubba"]
[Result "1-0"]
[WhiteElo "1300"]
[BlackElo "1415"]

1. e4 e5 2. f4 exf4 3. Nf3 d6 4. d4 Nf6 5. Nc3 Bg4 6. Bc4 Be7 7. O-O O-O 8. Bxf4
a6 9. Qe2 b5 10. Bb3 c6 11. e5 dxe5 12. Bxe5 b4 13. Nd1 c5 14. c3 cxd4 15. cxd4
Nc6 16. Qf2 a5 17. Ne3 Bh5 18. Rad1 a4 19. Bc4 Ra7 20. Nf5 Rc7 21. Bxc7 Qxc7 22.
Qh4 a3 23. b3 Re8 24. Qg5 Bf8 25. Bb5 Re4 26. d5 Rg4 27. Qd2 Na7 28. d6 Bxd6 29.
Nxd6 Qb6+ 30. Qf2 Qb8 31. Qe2 Qa8 32. Qe7 h6 33. Bc4 Nc6 34. Bxf7+ Kh7 35. Qe3
Bxf7 36. Nxf7 Re4 37. Qd3 Qe8 38. Nd6 Qe7 39. Nxe4 Nxe4 40. Rde1 Qc5+ 41. Kh1 g6
42. Rxe4 1-0

[Event "Let's Play Chess!"]
[Site "http://www.queenalice.com/game.php?id=897004"]
[Date "2011.2.6"]
[Round "-"]
[White "oldbubba"]
[Black "subzila"]
[Result "0-1"]
[WhiteElo "1406"]
[BlackElo "1559"]

1. e4 e5 2. Nf3 Nc6 3. Bc4 Bc5 4. c3 Nf6 5. d3 O-O 6. O-O d5 7. exd5 Nxd5 8. Bg5
f6 9. Bd2 Ne7 10. b4 Bd6 11. Na3 c6 12. Re1 Be6 13. Nc2 b5 14. a3 a5 15. Ba2
axb4 16. cxb4 Nf5 17. d4 Qd7 18. dxe5 fxe5 19. Re2 Nf4 20. Re1 Nd3 21. Re2 Bxa2
22. Rxa2 Rae8 23. Be1 e4 24. Nfd4 Nxd4 25. Nxd4 Qg4 26. Rac2 Nxf2 27. Bxf2 Rf6
28. Rc3 Ref8 29. Rh3 Rxf2 30. Rg3 Rf1+ 31. Qxf1 Rxf1+ 32. Kxf1 Bxg3 33. hxg3
Qxg3 34. Nf5 Qxa3 35. Rxe4 Qd3+ 36. Re2 Qxf5+ 37. Rf2 Qb1+ 38. Ke2 Qxb4 39. Kf3
Qc3+ 40. Ke2 b4 41. Rf3 Qxf3+ 42. gxf3 Kf7 43. Kd3 Ke6 44. Kc4 c5 45. Kxc5 b3
46. Kc4 b2 0-1

[Event "Let's Play Chess!"]
[Site "http://www.queenalice.com/game.php?id=899202"]
[Date "2011.2.12"]
[Round "-"]
[White "lusobrpe"]
[Black "oldbubba"]
[Result "1-0"]
[WhiteElo "1314"]
[BlackElo "1385"]

1. e4 e5 2. Qf3 Nf6 3. Bc4 Bc5 4. Qf5 d5 5. Bb5+ c6 6. Qxe5+ Be6 7. exd5 cxb5 8.
dxe6 O-O 9. Qxc5 Qe8 10. Qc7 Qxe6+ 11. Ne2 Nbd7 12. O-O Qxe2 13. Nc3 Qe8 14.
Nxb5 Qe6 15. Nd4 Qe8 16. Nf3 Nd5 17. Qxb7 N5b6 18. Qc6 Rc8 19. Qb7 f6 20. d4 Ra8
21. Bf4 Rf7 22. Rae1 Na4 23. Rxe8+ Rxe8 24. Qxa7 Nxb2 25. Nh4 g5 26. Bd6 gxh4
27. a4 Nf8 28. Qb6 Nc4 29. Qb4 Rc8 30. a5 Nxd6 31. Qxd6 Rxc2 32. Qf4 Ng6 33.
Qb8+ Kg7 34. a6 Rf8 35. Qb7+ Kg8 36. a7 Rcc8 37. d5 Nf4 38. d6 Ne6 39. Qe7 Nc5
40. d7 Nxd7 41. Qxd7 f5 42. Ra1 Rfd8 43. Qxf5 Rf8 44. a8=Q 1-0

[Event "Let's Play Chess!"]
[Site "http://www.queenalice.com/game.php?id=899837"]
[Date "2011.2.13"]
[Round "-"]
[White "oldbubba"]
[Black "luxitano78"]
[Result "0-1"]
[WhiteElo "1387"]
[BlackElo "2097"]

1. e4 c6 2. d4 d5 3. Nc3 dxe4 4. Nxe4 Nf6 5. Nc3 e6 6. Nf3 Bd6 7. Bc4 Nbd7 8.
O-O Qc7 9. Re1 O-O 10. Be3 Ng4 11. g3 Nxe3 12. fxe3 Nf6 13. e4 Bb4 14. e5 Nd5
15. Qd3 h6 16. a3 Be7 17. b4 b6 18. Re2 Bb7 19. Rf1 Rad8 20. h4 Qc8 21. Re4 Nxc3
22. Qxc3 c5 23. bxc5 Bxe4 24. Rf2 bxc5 25. Nd2 cxd4 26. Qa1 Bxc2 27. Qb2 d3 28.
Qc3 Bc5 29. Ne4 Bxf2+ 30. Nxf2 Qc5 31. Kg2 Rc8 32. Ne4 Qxc4 33. Qxc4 Rxc4 34.
Nd6 Rd4 35. Nb5 Rd7 36. Nd6 Rxd6 37. exd6 d2 0-1

[Event "Challenge"]
[Site "http://www.queenalice.com/game.php?id=904991"]
[Date "2011.2.24"]
[Round "-"]
[White "oldbubba"]
[Black "plot24"]
[Result "0-1"]
[WhiteElo "1387"]
[BlackElo "1830"]

1. e4 e5 2. Nf3 Nc6 3. Bc4 Be7 4. O-O d6 5. c3 Na5 6. Qa4+ c6 7. d4 b5 8. Bxb5
cxb5 9. Qxb5+ Bd7 10. Qd3 a6 11. b4 Bb5 12. c4 Bxc4 13. Qc3 exd4 14. Qxd4 Bxf1
15. bxa5 Bf6 16. e5 dxe5 17. Qa4+ Qd7 18. Qxd7+ Kxd7 19. Kxf1 e4 20. Nfd2 Bxa1
21. Nxe4 Nf6 22. Na3 Nxe4 23. Bf4 Rhd8 24. Nc4 Bd4 25. f3 Nc3 26. Bd2 Nxa2 27.
Bf4 Nb4 28. Ke1 Nd3+ 29. Kd2 Nxf4 30. g3 Ne6 31. f4 Kc6 32. f5 Nc5 33. Nb6 Rab8
0-1

[Event "Let's Play Chess!"]
[Site "http://www.queenalice.com/game.php?id=918622"]
[Date "2011.3.28"]
[Round "-"]
[White "hollowman45"]
[Black "oldbubba"]
[Result "0-1"]
[WhiteElo "1640"]
[BlackElo "1366"]

1. d4 d5 2. c4 Nf6 3. cxd5 Nxd5 4. e4 Nf6 5. Nc3 c6 6. Nf3 g6 7. Bd3 Bg7 8. O-O
O-O 9. Re1 Nbd7 10. h3 b5 11. e5 Nd5 12. Nxd5 cxd5 13. Bxb5 Nb6 14. Bf4 Bf5 15.
Rc1 a6 16. Be2 Nc4 17. Bxc4 dxc4 0-1

[Event "Let's Play Chess!"]
[Site "http://www.queenalice.com/game.php?id=924272"]
[Date "2011.4.10"]
[Round "-"]
[White "oldbubba"]
[Black "Publio"]
[Result "0-1"]
[WhiteElo "1393"]
[BlackElo "1082"]

1. e4 e5 2. Nf3 d6 3. Bc4 Bg4 4. O-O Nf6 5. d3 a6 6. Be3 b5 7. Bd5 Nxd5 8. exd5
f5 9. Nc3 f4 10. Bd2 h5 11. Re1 c5 12. Bxf4 b4 13. Nb1 Be7 14. Be3 Nd7 15. c3 a5
16. cxb4 cxb4 17. Nbd2 Nf6 18. Bg5 Nxd5 19. Bxe7 Qxe7 20. Nc4 O-O 21. Re4 Bxf3
22. gxf3 Rf4 23. Qd2 Rxe4 24. dxe4 Nf4 25. Nxd6 Qg5+ 0-1

[Event "Let's Play Chess!"]
[Site "http://www.queenalice.com/game.php?id=929930"]
[Date "2011.4.24"]
[Round "-"]
[White "oldbubba"]
[Black "Astrellap"]
[Result "1-0"]
[WhiteElo "1395"]
[BlackElo "1278"]

1. e4 Nc6 2. d4 f6 3. Nf3 g5 4. Nc3 a6 5. Be2 Bh6 6. Be3 e6 7. O-O g4 8. Ne1 d6
9. Bd2 Nb4 10. f4 Ne7 11. Bxg4 O-O 12. a3 Nbc6 13. Nf3 d5 14. exd5 Nxd5 15. Qe1
f5 16. Bh5 Qf6 17. Qg3+ Qg7 18. Qh3 Bxf4 19. Bxf4 Nxd4 20. Nxd4 Qxd4+ 21. Kh1 e5
22. Ne2 Qxb2 23. Qg3+ 1-0

[Event "Let's Play Chess!"]
[Site "http://www.queenalice.com/game.php?id=933775"]
[Date "2011.5.4"]
[Round "-"]
[White "Belle1996"]
[Black "oldbubba"]
[Result "0-1"]
[WhiteElo "948"]
[BlackElo "1393"]

1. e4 e5 2. d3 Nf6 3. g3 Bc5 4. Nf3 Nc6 5. Bg2 a6 6. c4 O-O 7. Nc3 Ng4 8. Bh3
Nxf2 9. Kd2 Nxd1 10. Rxd1 Qf6 11. b3 Qxf3 12. Kc2 Nb4+ 13. Kb1 Nxd3 14. Kc2 Nb4+
15. Kb1 Qxc3 16. g4 Bd4 17. g5 Qxa1# 0-1

[Event "Let's Play Chess!"]
[Site "http://www.queenalice.com/game.php?id=939004"]
[Date "2011.5.17"]
[Round "-"]
[White "oldbubba"]
[Black "keeneeb"]
[Result "0-1"]
[WhiteElo "1396"]
[BlackElo "1914"]

1. e4 e5 2. Nf3 Nc6 3. Bc4 Nf6 4. d3 d6 5. O-O Na5 6. b4 Nxc4 7. dxc4 Be7 8. Nc3
Bg4 9. Ba3 O-O 10. c5 Re8 11. Qd3 Nh5 12. Nd5 Nf4 13. h3 Nxd3 14. cxd3 Bxf3 15.
gxf3 c6 16. Ne3 d5 17. Kh2 Bh4 18. Nf5 Re6 19. Nxh4 Qxh4 20. Bc1 dxe4 21. Be3
exf3 22. Rg1 Rg6 23. Rg3 Rxg3 24. fxg3 Qxb4 25. Rf1 e4 26. dxe4 Qxe4 27. Bf2 Qe2
28. Kg1 Rd8 29. g4 Rd1 30. Rxd1 Qxd1+ 31. Kh2 Qc2 32. Kg3 Qd3 33. a4 Kf8 34. a5
h6 35. Kf4 g5+ 36. Kg3 f5 37. gxf5 Qxf5 38. Kh2 h5 39. h4 g4 40. Kg3 Qd3 41. Kf4
Kg7 42. Kg5 Qd5+ 43. Kf4 Kf6 44. Be3 a6 45. Kg3 Kf5 46. Bc1 Qa2 47. Be3 Qg2# 0-1